| 000 | 00641nam a2200241 a 4500 | ||
|---|---|---|---|
| 999 |
_c950 _d950 |
||
| 008 | 191111t2006 xxu||||g |||| 00| 0 eng d | ||
| 020 |
_a9780060833459 _cRs. 624.00 |
||
| 040 |
_aKO _beng |
||
| 041 | 0 | _aeng | |
| 044 | _axxu | ||
| 082 | 0 | 4 |
_223 _a658.4 _bD84 |
| 100 | 1 | _aDrucker, Peter F. | |
| 245 | 1 | 0 |
_aThe Effective Executive / _cPeter F. Drucker |
| 260 |
_aNew York : _bHarperCollins Publishers , _c2006 |
||
| 300 |
_axxiii, 178 p. ; _c20 cm |
||
| 504 | _aIncludes Index. | ||
| 650 | 0 |
_aExecutives _zUnited States |
|
| 650 | 0 | _aDecision making | |
| 650 | 0 | _aIndustrial management | |
| 904 | _aA_BOSE | ||
| 942 | _cBK | ||